| 000 | 00473nam a2200181Ia 4500 | ||
|---|---|---|---|
| 003 | GCL | ||
| 008 | 140319s9999 xx 000 0 eng d | ||
| 040 |
_aGCL / _cGCL |
||
| 082 | 0 | 4 |
_a121.6 _bH B |
| 100 | 1 | _aHELM, PAUL | |
| 245 | 1 | 0 |
_aBELIEF POLICIES / _cHELM, PAUL |
| 260 |
_a[S.N] : _bCAMBRIDGE UNIVERSITY PRESS ، _c1994 |
||
| 300 | _a226 P | ||
| 490 |
_aCAMBRIDGE STUDIES IN PHILOSOPHY _v0 |
||
| 650 | 0 | 4 | _aPHILOSOPHY |
| 650 | 0 | 4 | _aBELIEF AND DOUBT |
| 942 |
_2ddc _cBK |
||
| 999 |
_c24414 _d24414 |
||